000 00832nam a22002657a 4500
999 _c19392
_d19392
003 AR-CdUCM
008 190311b ||||| |||| 00| 0 spa d
020 _a84-253-0181-5
040 _aMUNICIPALIDAD PROVINCIAL DEL CUSCO
_cBIBLIOTECA MUNICIPAL DEL CUSCO
041 _hfre
082 _22ed.
_a923.2 /
_bW21
100 _aWalter, Gerard
_92486
245 _aLenin /
260 _aMexico :
_bGrijalbo,
_c1959.
300 _a488 paginas ;
_c22 cm.
500 _aDedicatoria
505 _aEl ingreso en la revolución -- La lucha por el partido -- La conquista del poder -- La construcción del estado socialista ...
650 _aEstado socialista
_98110
650 _aRevolución
_9844
650 _aLenin
_92073
650 _aComunismo
_9495
700 _aLamoneda, Román
_914663
942 _2ddc
_cLIBROS
945 _awfj